[Event "GER-ch U10"]
[Site "Willingen"]
[Date "2006.06.09"]
[Round "10"]
[White "Huemmecke, Aaron"]
[Black "Scholz, Andre"]
[Result "0-1"]
[WhiteElo "1260"]
[BlackElo "1034"]
[PlyCount "90"]
[EventDate "2006.06.04"]
[EventType "swiss"]
[EventRounds "11"]
[EventCountry "GER"]
[SourceTitle "EXT 2007"]
[Source "ChessBase"]
[SourceDate "2006.11.23"]
[SourceVersion "1"]
[SourceVersionDate "2006.11.23"]
[SourceQuality "1"]

1. e4 e5 2. f4 exf4 3. Bc4 Qh4+ 4. Kf1 Nc6 5. Nc3 Bc5 6. Nh3 d5 7. exd5 Bxh3 8. Qf3 Bg4 9. Qxf4 g5 10. Qg3 Qxg3 11. hxg3 Nd4 12. Bb5+ Nxb5 13. Nxb5 0-0-0 14. b4 Bd7 15. Nxc7 Bxb4 16. d6 Bxd6 17. Nd5 Bb5+ 18. d3 Be5 19. Rb1 Rxd5 20. Bxg5 Bxg3 21. Be3 Rxd3 22. cxd3 Bxd3+ 23. Kg1 Bxb1 24. Rh3 Bc7 25. Bxa7 Bxa2 26. Bd4 f6 27. Ra3 Bd5 28. Ra8+ Kd7 29. Bxf6 b6 30. Rf8 Bd6 31. Rd8+ Kc7 32. Rxd6 Kxd6 33. Bxh8 Ne7 34. Kf2 Kc5 35. Bg7 Kc4 36. g3 b5 37. Ke2 b4 38. Kd2 Nf5 39. Be5 Nd4 40. Kc1 Be4 41. Kb2 b3 42. Bb8 Nb5 43. Be5 h5 44. Bf4 Nc3 45. Kc1 Ne2+ 0-1

[Event "GER-ch U10"]
[Site "Willingen"]
[Date "2006.06.09"]
[Round "11"]
[White "Scholz, Andre"]
[Black "Helle, Samuel"]
[Result "1/2-1/2"]
[WhiteElo "1034"]
[BlackElo "1358"]
[PlyCount "35"]
[EventDate "2006.06.04"]
[EventType "swiss"]
[EventRounds "11"]
[EventCountry "GER"]
[SourceTitle "EXT 2007"]
[Source "ChessBase"]
[SourceDate "2006.11.23"]
[SourceVersion "1"]
[SourceVersionDate "2006.11.23"]
[SourceQuality "1"]

1. e4 e5 2. f4 exf4 3. Nf3 Nc6 4. d4 f5 5. Nc3 fxe4 6. Nxe4 d5 7. Nc3 Nf6 8. Bd3 Bg4 9. Bb5 Bd6 10. 0-0 0-0 11. h3 Bh5 12. Bxc6 bxc6 13. Qd3 a6 14. Ng5 Qd7 15. Bxf4 Bg6 16. Qd2 h6 17. Nf3 Bxf4 18. Qxf4 1/2-1/2

[Event "GER-ch U10"]
[Site "Willingen"]
[Date "2006.06.06"]
[Round "6"]
[White "Bokemaer, David"]
[Black "Scholz, Andre"]
[Result "1-0"]
[WhiteElo "1222"]
[BlackElo "1034"]
[PlyCount "35"]
[EventDate "2006.06.04"]
[EventType "swiss"]
[EventRounds "11"]
[EventCountry "GER"]
[SourceTitle "EXT 2007"]
[Source "ChessBase"]
[SourceDate "2006.11.23"]
[SourceVersion "1"]
[SourceVersionDate "2006.11.23"]
[SourceQuality "1"]

1. e4 e5 2. Nf3 Nf6 3. Nxe5 d6 4. Nf3 Nxe4 5. Nc3 d5 6. Qe2 Qe7 7. Nxd5 Qe6 8. Nxc7+ Kd8 9. Nxe6+ Bxe6 10. Qxe4 Nc6 11. Be2 Be7 12. 0-0 Re8 13. d4 f5 14. Qxe6 g6 15. Bb5 Rc8 16. Bf4 g5 17. Qd5+ Bd6 18. Qxd6# 1-0